|
|
|
|
| LEADER |
00000nam a2200000 i 4500 |
| 001 |
DIGCOLMX0014 |
| 003 |
NyNyDIG |
| 006 |
m o d |
| 008 |
210606s2020 mx o 000 0 spa d |
| 007 |
cr ||||||||||| |
| 035 |
|
|
|a (OCoLC)1141023215
|
| 040 |
|
|
|a DGITA
|b eng
|e rda
|e pn
|c DGITA
|
| 020 |
|
|
|a 9786075641614
|q ISBN electrónico
|
| 020 |
|
|
|a 6075641610
|q ISBN electrónico
|
| 020 |
|
|
|z 9786076289457
|q impreso
|
| 020 |
|
|
|z 6076289457
|q impreso
|
| 050 |
1 |
4 |
|a BL1238.52 ebook
|
| 082 |
0 |
4 |
|a 181.45
|
| 100 |
1 |
|
|a Muñoz, Adrián,
|e author.
|
| 245 |
1 |
0 |
|a Historia minima del yoga /
|c Adrián Muñoz y Gabriel Martino.
|
| 246 |
3 |
0 |
|a Yoga
|
| 250 |
|
|
|a Primera edición electrónica.
|
| 264 |
|
1 |
|a Ciudad de México :
|b El Colegio de México,
|c [2020]
|
| 300 |
|
|
|a 1 online resource.
|
| 336 |
|
|
|a text
|b txt
|2 rdacontent
|
| 337 |
|
|
|a computer
|b c
|2 rdamedia
|
| 338 |
|
|
|a online resource
|b cr
|2 rdacarrier
|
| 347 |
|
|
|a text file
|2 rdaft
|
| 347 |
|
|
|b EPUB
|
| 490 |
1 |
|
|a Colección Historias mínimas
|
| 588 |
0 |
|
|a Online resource; title from ePub title page (Digitalia, viewed June 7, 2021)
|
| 650 |
|
0 |
|a Yoga
|x History.
|
| 655 |
|
0 |
|a Electronic books.
|
| 700 |
1 |
|
|a Martino, Gabriel
|e author.
|
| 791 |
2 |
|
|a Digitalia (Firm),
|e distributor.
|
| 793 |
0 |
|
|g Digitalia eBook Collection:
|a El Colegio de México
|
| 776 |
0 |
8 |
|i Print version:
|a Muñoz, Adrián.
|t Historia mínima de el yoga.
|b Primera edición.
|d Ciudad de México, México : El Colegio de México, 2019
|z 9786076289457
|
| 830 |
|
0 |
|a Historia mínima (Mexico City, Mexico)
|
| 856 |
4 |
0 |
|3 Digitalia Hispánica
|u https://www.digitaliapublishing.com/a/80652/
|
| 910 |
|
|
|a Premium collection: 2021
|